Champions League Winning Number 10's - Statistics

General Stats
  • This quiz has been taken 60 times
  • The average score is 11 of 25
Answer Stats
Answer % Correct
Ousmane Dembélé
94%
Luka Modrić
93%
Lionel Messi
91%
Sadio Mané
76%
Arjen Robben
65%
Ronaldinho
63%
Wayne Rooney
57%
Jack Grealish
54%
Wesley Sneijder
54%
James Rodríguez
52%
Clarence Seedorf
46%
Deco
46%
Alessandro Del Piero
44%
Mesut Özil
44%
Juan Mata
37%
Philippe Coutinho
33%
Luís Figo
30%
Christian Pulisic
28%
Rui Costa
26%
Teddy Sheringham
26%
Jari Litmanen
24%
Andreas Möller
11%
Luis García
11%
Abedi Pele
4%
Ciriaco Sforza
0%
No matching quizzes found
Score Distribution
Percent of People with Each Score
Percentile by Number Answered
Your Score History
You have not taken this quiz